01303nab a22002537a 4500999001500000003000400015005001700019008004100036040000700077100003000084245019100114260007300305300001300378500003800391505022900429505008200658650002300740650002400763650003400787650002200821700003800843773015500881942001301036 c5553d5553OSt20251218080119.0190429b xxu||||| |||| 00| 0 spa d cPJ 96532aBaroni, Evangelina 13aPrimer juicio oral por maltrato animal en la Ciudad Autónoma de Buenos Aires :bhacia el reconocimiento de la dignidad de los demás animales /cEvangelina Baroni, Matías N. Yohai. cCiudad Autónoma de Buenos Aires :aThomson Reuters La Ley, b2025. ap. 20-29 aCita: TR LALEY AR/DOC/1883/2024  aSumario: I. Introducción.— II. Los hechos del caso.— III. La decisión.— IV. Análisis de los argumentos.— V. El estatus legal de los animales en nuestro ordenamiento.— VI. La cuestión penal.— VII. Corolar. tSi te interesa el texto completo, solicitalo a koha@justierradelfuego.gov.ar  09343aDERECHO PENAL 092348aPROCESO PENAL 096531aMALOS TRATOS A ANIMALES 092676aJUICIO ORAL 96533aYohai, Matías N.ecoautor0 0265893164tRevista de derecho penal y criminología. Nº 3 - Abril 2025dCiudad Autónoma de Buenos Aires : Thomson Reuters La Ley, 2017-x00347914 2udccANA